Mi primer larousse de cuentos /

Guardado en:
Autor Principal: Anónimo
Otros Autores: Grimm, Jacob, Grimm, Wilhelm, Perrault, Charles, Andersen, Hans Christian, Guillerey, Aurélie; il., Latyk, Olivier; il., Wilsdorf, Anne; il., Chaud, Benjamin; il., Gehrmann, Katja; il., Boutavant, Marc; il.
Formato: Libro
Publicado: Buenos Aires : Larousse, 2013
Edición:1areimp.
Materias:
Etiquetas: Agregar Etiqueta
Sin Etiquetas, Sea el primero en etiquetar este registro!
LEADER 01778nam a22003735a 4500
001 CEM.cems015572
005 20191213175238.0
008 130507s2013##################000#0#####d
003 CEMS
020 |a 9789505381081 
082 0 4 |a 808.8 
100 1 |a Anónimo 
245 1 0 |a Mi primer larousse de cuentos /  |c Anónimo 
250 |a 1areimp. 
260 |a Buenos Aires :  |b Larousse,  |c 2013 
300 |a 240 p. 
505 0 |a Blanca Nieves / Jacob y Wilhelm Grimm ; ilustrado por Aurélie Guilerey -- La Cenicienta / Charles Perrault ; ilustrado por Olivier Latyk -- La bella durmiente del bosque / Charles Perrault ; ilustrado por Anne Wilsdorf -- El gato con botas / Charles Perrault ; ilustrado por Benjamin Chaud -- Pulgarcito / Charles Perrault ; ilustrado por Katja Gehrmann -- Caperucita Roja / Charles Perrault ; ilustrado por Anne Wilsdorf -- El patito feo / Hans Christian Andersen ; ilustrado por Marc Boutavant -- La princesa y el guisante / Hans Christian Andersen ; ilustrado por Benjamin Chaud -- Los tres cerditos / Anónimo ; ilustrado por Marc Boutavant -- Barba Azul / Charles Perrault ; ilustrado por Katja Gehrmann 
653 |a Literatura 
653 |a Literatura mundial 
653 |a Literatura infantil 
653 |a Cuentos infantiles 
653 |a Colección ciencias de la educación 
653 |a Cuentos tradicionales 
700 1 |a Grimm, Jacob 
700 1 |a Grimm, Wilhelm 
700 1 |a Perrault, Charles 
700 1 |a Andersen, Hans Christian 
700 1 |a Guillerey, Aurélie; il. 
700 1 |a Latyk, Olivier; il. 
700 1 |a Wilsdorf, Anne; il. 
700 1 |a Chaud, Benjamin; il. 
700 1 |a Gehrmann, Katja; il. 
700 1 |a Boutavant, Marc; il. 
859 |a CEMS  |b BIB. CEMS - Ccias. Educacion  |h 808.8  |i P935-1  |k CE  |p 29011.19  |t Ej.1